000 00297nam a22001337a 4500
008 170418b xxu||||| |||| 00| 0 eng d
020 _a9780787656348
041 _aeng
080 _a573
100 _a11
101 _aSHM
245 _aSCIENCE OF EVERYDAY THINGS
_cSCHLAGER, N
942 _2udc
_cBK
999 _c11055
_d11055